01634nam a2200277Ii 45000010005000000030009000050080041000140400033000550410008000880820022000961100074001182450039001922640077002313000012003083360026003203370028003463380027003749400050004019990017004519520148004689520148006169520148007649520148009129520148010609520148012083703CO-ViMGA241108s9999||||xx |||||||||||||| ||und|| aCO-ViMGAbspaerdacCO-ViMGA0 aspa04a338.9009861 C718m1 aColombia. Presidentes [1978-1982: Julio César Turbay Ayala],95280910aMemorias de un cuatrenio 1978-1982 1aBogotá, Colombia : Editorial, [Fecha de publicación no identificada] avolumen atextbtxt2rdacontent aunmediatedbn2rdamedia avolumebnc2rdacarrier aidficha_siabuc: 3614. -- ficha_no_siabuc:3703 c47732d47732 001040708001aMEVIGERRbMEVIGERRcGENd2006-11-27hVol.6o338.9009861 C718mpECA2275r2024-11-26 09:37:33tEj.1w2024-11-26yBKz3614 | 5305 001040708001aMEVIGERRbMEVIGERRcGENd2006-11-27hVol.1o338.9009861 C718mpECA2270r2024-11-26 09:37:33tEj.1w2024-11-26yBKz3614 | 5300 001040708001aMEVIGERRbMEVIGERRcGENd2006-11-27hVol.2o338.9009861 C718mpECA2271r2024-11-26 09:37:33tEj.1w2024-11-26yBKz3614 | 5301 001040708001aMEVIGERRbMEVIGERRcGENd2006-11-27hVol.3o338.9009861 C718mpECA2272r2024-11-26 09:37:33tEj.1w2024-11-26yBKz3614 | 5302 001040708001aMEVIGERRbMEVIGERRcGENd2006-11-27hVol.4o338.9009861 C718mpECA2273r2024-11-26 09:37:33tEj.1w2024-11-26yBKz3614 | 5303 001040708001aMEVIGERRbMEVIGERRcGENd2006-11-27hVol.5o338.9009861 C718mpECA2274r2024-11-26 09:37:33tEj.1w2024-11-26yBKz3614 | 5304